2025 memes - Statistics

General Stats
  • This quiz has been taken 16 times
  • The average score is 4 of 11
Answer Stats
Hint Answer % Correct
riding this animal from the minecraft movie chicken jockey
80%
shot in September and it was lowkirk funny charlie kirk
73%
long red hair and one eye eye of rah
53%
hes ugly but his chin is fantastic chopped chin
47%
triple T tung tung tung sahur
47%
lamelo ball 67
27%
going into small spaces cave diving
27%
brick heck from the middle won ts 8 free pizzas
13%
early stream from speed with this quote my mom is kinda homeless
13%
buying land in an african country property in egypt
13%
hes a hooper but he also cant learn from this freaking packet yo
0%
No matching quizzes found
Score Distribution
Percent of People with Each Score
Percentile by Number Answered
Your Score History
You have not taken this quiz